00402nam a22001457a 4500003000400000005001700004008004100021040001100062082001500073100002500088245005500113260002600168300003600194700002600230OSt20230301130947.0190522b xxu||||| |||| 00| 0 eng d clado v a779bP438e aPérez, Noraeautor aSeminario de investigación/ bEmisor y Receptor/ aGuatemalabYaxsc2017 a12p.btrae dos afichesc13x20cm aDe Leon, Jorgeeautor